[Event "Santiago op U2200 prep"]
[Site "Santiago de Chile"]
[Date "2017.01.15"]
[Round "3.2"]
[White "Orellana Hidalgo, Camilo Alonso"]
[Black "Seguel Perez, Rene Alejandro"]
[Result "0-1"]
[WhiteElo "1630"]
[BlackElo "1952"]
[PlyCount "70"]
[EventDate "2017.01.14"]
[EventType "swiss"]
[EventRounds "5"]
[EventCountry "CHI"]
[SourceTitle "EXT 2024"]
[Source "ChessBase"]
[SourceDate "2023.10.10"]
[SourceVersion "1"]
[SourceVersionDate "2023.10.10"]
[SourceQuality "1"]

1. e4 e6 2. d4 d5 3. Bd3 dxe4 4. Bxe4 Nf6 5. Bf3 c5 6. Ne2 Nc6 7. Be3 Nd5 8. Bxd5 Qxd5 9. 0-0 cxd4 10. Nxd4 a6 11. Nc3 Qc4 12. Qd2 Bb4 13. Nxc6 Qxc6 14. Bd4 0-0 15. Qe3 f6 16. a3 Be7 17. Bb6 Bd8 18. Bc5 Re8 19. Rad1 b6 20. Bb4 Bb7 21. f3 Bc7 22. Ne4 Rad8 23. Rxd8 Rxd8 24. Be7 Rd5 25. c4 Rh5 26. h3 Kf7 27. Bb4 Be5 28. Rd1 a5 29. Nd6+ Kg6 30. Qd3+ f5 31. Nxb7 axb4 32. Nd8 Qc5+ 33. Kh1 Qf2 34. Nxe6 Rxh3+ 35. gxh3 Qh2# 0-1

[Event "Santiago op U2200 prep"]
[Site "Santiago de Chile"]
[Date "2017.01.14"]
[Round "2.2"]
[White "Orellana Hidalgo, Camilo Alonso"]
[Black "Escudero Donoso, Felipe"]
[Result "1-0"]
[WhiteElo "1630"]
[BlackElo "2173"]
[PlyCount "69"]
[EventDate "2017.01.14"]
[EventType "swiss"]
[EventRounds "5"]
[EventCountry "CHI"]
[SourceTitle "EXT 2024"]
[Source "ChessBase"]
[SourceDate "2023.10.10"]
[SourceVersion "1"]
[SourceVersionDate "2023.10.10"]
[SourceQuality "1"]

1. e4 c5 2. Nf3 d6 3. d4 cxd4 4. Nxd4 Nf6 5. Nc3 g6 6. Be3 Bg7 7. f3 0-0 8. Bc4 Nc6 9. Qd2 Bd7 10. 0-0-0 Rc8 11. Bb3 Ne5 12. Kb1 Nc4 13. Bxc4 Rxc4 14. g4 b5 15. h4 b4 16. Nd5 Nxd5 17. exd5 Qa8 18. h5 Rfc8 19. hxg6 fxg6 20. Qh2 h6 21. b3 R4c5 22. Bxh6 Bf6 23. Bg5 Bg7 24. Qh7+ Kf7 25. Rh6 Rg8 26. Qxg6+ Kf8 27. Ne6+ Bxe6 28. dxe6 Qe8 29. Qe4 Rh8 30. Rxh8+ Bxh8 31. Qh7 Rxg5 32. Qxh8+ Rg8 33. Qh6+ Rg7 34. Rd4 Qg6 35. Rxb4 1-0